000 01044nmm a2200301 a 4500
001 ocm000701282
003 TR-IsHL
005 20201028135517.0
008 131209s1981 tu tur
007 cr cn
035 _a701282
_b(N$T)
050 0 4 _aSD139
_b.O76 1981
090 0 4 _aSD139
_b.O76 1981
245 1 0 _aOrman ürünlerinin üretim, tüketim, pazarlama sorunları ve çözüm yolları paneli, İstanbul, 13 Şubat 1981
_h[electronic resource] /
_cİstanbul Ticaret Odası
260 _aİstanbul :
_bİstanbul Ticaret Odası,
_c1981
300 _a92 p.
650 4 _aÇevre Bilimleri
650 4 _aEnvironmental Sciences
650 0 _aOrmancılık
650 0 _aForestry
650 0 _aOrman Yönetimi
650 0 _aForest Management
650 0 _aOrman Ürünleri
650 0 _aForest Products
650 7 _aTECHNOLOGY & ENGINEERING / Agriculture / Forestry
_2bisacsh
700 1 _aİstanbul Ticaret Odası
856 4 0 _uhttp://search.ebscohost.com/login.aspx?direct=true&scope=site&db=e011xww&AN=701282
999 _c6781
_d6781